Misión de la universidad en México como país en desarrollo.

Gespeichert in:
Bibliographische Detailangaben
1. Verfasser: Latapí Sarre, Pablo (autor)
Körperschaft: Organización Nacional de Estudiantes de Ingeniería
Format: Buch
Sprache:Spanisch
Schriftenreihe:(Cuadernos ONEL, 1)
Schlagworte:
Tags: Tag hinzufügen
Keine Tags, Fügen Sie das erste Tag hinzu!

MARC

LEADER 00000nam^a2200000^u^4500
001 000499314
005 20250521000000.0
008 071011s1000^^^^^^^^^^^^r^^^^^000^0^spa^d
009 20260310125716.327
035 |a FCE 000043362 
037 |a Acervo ITESO - Biblioteca 
041 |a spa 
082 0 4 |a 370.82  |b LATm 1 
100 |a Latapí Sarre, Pablo  |e (autor) 
245 1 0 |a Misión de la universidad en México como país en desarrollo. 
264 |a México:  |b ONEL,  |c 1969. 
300 |a 19 p. 
336 |a texto  |b txt  |2 rdacontenido 
337 |a sin mediación  |b n  |2 rdamedio 
338 |a volumen  |b nc  |2 rdasoporte 
440 1 |a (Cuadernos ONEL, 1) 
649 |a XX 
650 |a Teoría 
650 |a Desarrollo de la educación 
650 |a Universidad 
650 |a Conferencia 
710 |a Organización Nacional de Estudiantes de Ingeniería 
910 |a Fondo Centro de Estudios Educativos 
920 |a Impresos - Libros 
930 |a Fondos Especiales 
905 |a 133 
901 |a ALE050695  |b IT2  |c CEE  |u 20250521 
902 |a https://opac.biblio.iteso.mx/vufind/Record/000499314